Squadre campioni d'Italia vincitrici di tornei di Serie B - Statistics

Statistiche generali
  • Questo quiz è stato fatto 54 volte
  • Il punteggio medio è 12 su 13
Statistiche sulle risposte
Campionati vinti in Serie A Campionati vinti in Serie B Squadra % Corretto
36 1 Juventus
100%
19 2 Milan
100%
2 1 Lazio
98%
3 1 Napoli
98%
3 1 Roma
98%
9 6 Genoa
96%
1 1 Sampdoria
96%
7 2 Bologna
94%
7 3 Torino
94%
2 3 Fiorentina
92%
1 1 Cagliari
78%
1 3 Verona
78%
1 1 Casale
48%
Nessun quiz corrispondente trovato
Distribuzione punteggi
Percentuale di utenti per punteggio
Percentile per numero di risposta
I tuoi punteggi nel tempo
Non hai fatto questo quiz